U.S. national debate topic, 2010-2011 : the American military presence overseas /

Bibliographic Details
Other Authors: Partridge, Kenneth, 1980-
Format: Book
Language:English
Published: New York : H.W. Wilson Co., [2010]
Series:Reference shelf ; v. 82, no. 3.
Subjects:

MARC

Tag First Indicator Second Indicator Subfields
LEADER 00000cam a2200000 a 4500
001 in00002584321
005 20151201152953.0
008 100415s2010 nyu b 001 0 eng
010 |a  2010015321 
020 |a 9780824210984 (alk. paper) 
020 |a 0824210980 (alk. paper) 
035 |a (OCoLC)ocn495272428 
035 |a (OCoLC)495272428 
040 |a DLC  |c DLC  |d BTCTA  |d IOE  |d JYJ  |d BIB  |d DAY  |d TXA  |d UtOrBLW 
042 |a pcc 
043 |a n-us--- 
049 |a TXAM 
050 0 0 |a UA26.A2  |b U25 2010 
082 0 0 |a 355/.0310973  |2 22 
245 0 0 |a U.S. national debate topic, 2010-2011 :  |b the American military presence overseas /  |c edited by Kenneth Partridge. 
246 3 0 |a American military presence overseas 
264 1 |a New York :  |b H.W. Wilson Co.,  |c [2010] 
264 4 |c ©2010 
300 |a ix,177 pages ;  |c 26 cm. 
336 |a text  |b txt  |2 rdacontent 
337 |a unmediated  |b n  |2 rdamedia 
338 |a volume  |b nc  |2 rdacarrier 
490 1 |a The reference shelf ;  |v v. 82, no. 3 
504 |a Includes bibliographical references and index. 
505 0 |a Diplomacy gone astray / Edward Cuddy -- Too many overseas bases / David Vine -- Obama's empire / Catherine Lutz -- Two cheers for the US empire / Thomas Donnelly -- The American non-empire / Ed Morrissey -- Obama to confront limits of America's overstretched military / Anna Mulrine -- The American awakening / Dexter Filkins -- Debating Afghanistan / Paul R. Pillar and John Nagl -- Obama doesn't make a case for more troops / The Orange County Register -- Obama's surge / Commonweal -- The West can encourage legitimacy and accountability / Aziz Hakimi -- The slog of war / Nir Rosen -- How deep in after we're out? / Frank Oliveri -- Extending our stay in Iraq / Thomas E. Ricks -- The rationale for keeping U.S. forces in Iraq / Jeremy R. Hammond -- Doomsday in Iraq, is it really just around the corner? / Tom Engelhardt -- Hope and change in Iraq / Reuel Marc Gerecht -- Long goodbye, but goodbye / Palm Beach Post -- Rebirth of a nation / Babak Dehghanpisheh, John Barry, and Christopher Dickey -- 
505 0 |a Triumph of the Turks / Owen Matthews and Christopher Dickey -- The army is beaten / Owen Matthews -- Testy Erdogan / The Economist -- The status of U.S. nuclear weapons in Turkey / Alexandra Bell and Benjamin Loehrke -- Unwelcomed missiles / Feryaz Ocakli and Yelena Biberman -- U.S. forces: basics of the U.S. military presence / Reiji Yoshida -- The new battle of Okinawa / The Economist -- Is defence treaty with US set to collapse? / David McNeill -- Japan balks at $2 billion bill to host U.S. troops / Eric Talmadge -- A changed Japanese diplomacy? / Anthony Rowley -- The power of Japan / Karen Sue Smith -- USFK seeks to expand role outside peninsula / Jung Sung-ki -- Letting go / Doug Bandow -- S. Korea expands modern forces as it seeks great security role / Asia Pulse -- New US command / Korea Times. 
651 0 |a United States  |x Armed Forces  |z Foreign countries. 
651 0 |a United States  |x Military relations  |z Foreign countries. 
650 0 |a Military bases, American  |z Foreign countries. 
651 0 |a United States  |x Military policy. 
700 1 |a Partridge, Kenneth,  |d 1980- 
830 0 |a Reference shelf ;  |v v. 82, no. 3. 
948 |a cataloged  |b h  |c 2010/7/15  |d c  |e ceaton  |f 11:45:34 am 
994 |a C0  |b TXA 
999 |a MARS 
999 f f |s 7ff44df1-0ff0-30c0-ac03-043c7f946e57  |i 18592b03-c896-38a8-90d2-735711d2ea29  |t 0 
952 f f |p ric  |a Texas A&M University  |b Rellis Campus  |c Joint Library Facility  |d Remote Storage  |t 0  |e UA26.A2 U25 2010  |h Library of Congress classification  |i unmediated -- volume  |m A14839245707 
998 f f |a UA26.A2 U25 2010  |t 0  |l Remote Storage